Foros regionales RAPE-CIDER : (Registro nro. 20161)

Detalles MARC
000 -CABECERA
Campo de control 00812nam a2200193 a 4500
005 - FECHA Y HORA DE LA ULTIMA TRANSACCION
Campo de control 20180420121032.0
008 - ELEMENTOS DE LONGITUD FIJA—INFORMACION GENERAL
Campo de control 180420s201 ck d||||rt||| 00| 0 spa d
040 ## - FUENTE DE CATALOGACIÓN
Agencia catalogadora original CO-BoIAVH
Agencia transcriptora CO-BoIAVH
041 0# - IDIOMA
Código de idioma para texto/pista de sonido o título separado Español
044 ## - PAÍS DE PUBLICACIÓN
País de publicación Colombia
082 04 - NUMERO DE CLASIFICACION DECIMAL DEWEY
Número de clasificación 307.116
Número del ítem F72r
245 ## - MENCION DE TITULO
Título Foros regionales RAPE-CIDER :
Parte restante del título Memorias 2015
260 ## - PUBLICACION, DISTRIBUCION, ETC. (PIE DE IMPRENTA)
Lugar de publicación, distribución, etc. Bogotá (Colombia) :
Nombre del editor, distribuidor, etc. Región Central RAPE,
Fecha de publicación, distribución, etc. 2015.
300 ## - DESCRIPCION FISICA
Extensión 119 páginas :
Otros detalles físicos gráficas a color ;
Dimensiones 23 x 16 cm.
650 26 - ASIENTO SECUNDARIO DE MATERIA - TERMINO TEMATICO
Término temático o nombre geográfico como elemento de entrada Ciudades
Subdivisión general urbanismo
-- Planeación
Subdivisión geográfica Región Andina (Colombia)
Subdivisión de forma Congresos, conferencias, etc.
9 (RLIN) 90912
650 26 - ASIENTO SECUNDARIO DE MATERIA - TERMINO TEMATICO
Término temático o nombre geográfico como elemento de entrada Protección ambiental
Subdivisión general Planeación
Subdivisión geográfica Región Andina (Colombia)
Subdivisión de forma Congresos, conferencias, etc.
9 (RLIN) 90913
650 26 - ASIENTO SECUNDARIO DE MATERIA - TERMINO TEMATICO
Término temático o nombre geográfico como elemento de entrada Medio ambiente
Subdivisión general Sostenibilidad
Subdivisión geográfica Región Andina (Colombia)
Subdivisión de forma Congresos, conferencias, etc.
9 (RLIN) 90914
942 ## - ELEMENTOS ADICIONALES (KOHA)
Sistema de clasificación Dewey Decimal Classification
Tipo de ítem Libro
Existencias
Withdrawn status Lost status Sistema de Clasificación Damaged status No para préstamo Colección Ubicación Permanente Ubicación actual Fecha de adquisición Total Checkouts Número topográfico Inventario / Código de Barras Date last seen Ejemplar Price effective from Forma de adquisición Tipo de material
    Dewey Decimal Classification     General Bogotá Bogotá 20/04/2018   LB-307.116 F72r 030070 20/04/2018 Ej. 1 20/04/2018 Donación Libro